Robust nonlinear control of industrial evaporation systems: implementation of differential geometric techniques

Wedi'i Gadw mewn:
Manylion Llyfryddiaeth
Prif Awduron: To, L. C (Awdur), Tadé, M. O (Awdur), Kraetzl, M (Awdur)
Fformat: Llyfr
Iaith:Saesneg
Cyhoeddwyd: Singapur World Scientific 1999
Pynciau:
Tagiau: Ychwanegu Tag
Dim Tagiau, Byddwch y cyntaf i dagio'r cofnod hwn!

MARC

LEADER 00000nam a2200000 a 4500
001 UCO5694
003 CL-VaPUC
008 000915e19990000si |||||||||||||||||eng|d
082 0 4 |a 629.836  |b TOL  |2 21 
100 0 |a To, L. C  |e author  |9 450467 
700 0 |a Tadé, M. O  |e author  |9 450468 
700 0 |a Kraetzl, M  |e author  |9 450469 
245 1 0 |a Robust nonlinear control of industrial evaporation systems: implementation of differential geometric techniques 
300 |a 317 p 
942 |c BK 
945 |d 20000915 00:00:00  |a rbrito 
260 |a Singapur  |b World Scientific  |c 1999 
650 0 |a Control no lineal  |9 450470 
650 0 |a Control automático  |9 259890 
650 7 |a SISTEMAS CIBERNETICOS  |2 CL-VaPUC  |9 354475 
650 7 |a EQUIPO DE CONTROL AUTOMATICO  |2 CL-VaPUC  |9 364103 
650 0 |a Geometría diferencial   |9 315147 
583 |a last modification  |c 20171221 03:25:20  |k Rodrigo Vera 
999 |c 291533  |d 291531 
952 |0 0  |1 0  |4 0  |6 629_836000000000000_TOL_1999  |7 0  |8 A  |9 341430  |a BIBING  |b BIBING  |d 2019-11-20  |i 3580482  |o 629.836 TOL 1999  |p 3580482  |r 2025-01-20  |w 2019-11-20  |y BK  |k EIQ